01419nam a2200325Ia 4500001001200000003000800012006001900020007001500039008004100054010001700095020001800112020001500130040002100145035002100166050002400187100002300211245018700234260011400421300001500535504004100550533015200591650006200743650005900805655002900864700002000893700002000913710001700933856012600950999001701076ebr10252500CaPaEBRm u cr cn|||||||||081009s2008 xx sb 000 0 eng d z 2008447524 z9789289071833 z9289071834 aCaPaEBRcCaPaEBR a(OCoLC)56797991514aR855.3b.S67 2008eb1 aSorenson, Corinna.10aEnsuring value for money in health careh[electronic resource] :bthe role of health technology assessment in the European Union /cCorinna Sorenson; Michael Drummond; Panos Kanavos. aGeneva :bWorld Health Organization on behalf of European Observatory on Health Systems and Policies,cc2008. axv, 156 p. aIncludes bibliographical references. aElectronic reproduction.bPalo Alto, Calif. :cebrary,d2009.nAvailable via World Wide Web.nAccess may be limited to ebrary affiliated libraries. 0aMedical technologyzEuropean Union countriesxEvaluation. 0aMedical technologyzEuropean Union countriesxFinance. 7aElectronic books.2local1 aDrummond, M. F.1 aKanavos, Panos.2 aebrary, Inc.40uhttp://site.ebrary.com/lib/rucke/Doc?id=10252500zAn electronic book accessible through the World Wide Web; click to view c13693d13693